Statistics for Top 20 towns in Surrey, England, UK

Click here to take the quiz!

General Stats

  • This quiz has been taken 352 times
  • The average score is 8 of 20

Answer Stats

RankPopulationAnswer% Correct
277,057Guildford
91%
1105,367Woking
77%
931,474Epsom
60%
1722,123Reigate
53%
832,522Leatherhead
52%
734,498Redhill
49%
1622,689Godalming
38%
1425,604Farnham
37%
550,904Esher
36%
1029,837Weybridge
36%
2017,273Cobham
35%
1325,736Staines
33%
638,038Camberley
32%
366,566Walton on Thames
31%
451,727Ewell
29%
1225,996Egham
25%
1522,693Horley
18%
1128,036Ashford
17%
1821,437Caterham
17%
1919,094Frimley
15%

Score Distribution

Percentile by Number Answered

Percent of People with Each Score

Your Score History

You have not taken this quiz